[Event "NRW-ch U12"]
[Site "Kranenburg"]
[Date "2009.04.13"]
[Round "1"]
[White "Liu, Felix"]
[Black "Huckebrink, Chris"]
[Result "0-1"]
[WhiteElo "1054"]
[BlackElo "1386"]
[PlyCount "50"]
[EventDate "2009.04.13"]
[EventType "swiss"]
[EventRounds "7"]
[EventCountry "GER"]
[SourceTitle "EXT 2010"]
[Source "ChessBase"]
[SourceDate "2010.11.25"]
[SourceVersion "1"]
[SourceVersionDate "2010.11.25"]
[SourceQuality "1"]

1. e4 e6 2. Nc3 b6 3. Nf3 Bb7 4. d4 Bb4 5. Bd2 Bxc3 6. Bxc3 Bxe4 7. Bc4 d5 8. Bb3 Nf6 9. 0-0 Qd6 10. Ne5 Nfd7 11. Qg4 0-0 12. Rfe1 Nxe5 13. dxe5 Qd7 14. Bd2 c5 15. Bh6 Bg6 16. Bf4 c4 17. Bxc4 dxc4 18. Rad1 Qc7 19. Qf3 Qc6 20. Qc3 Qc8 21. Qf3 Na6 22. Rd6 Qc5 23. Red1 Nb4 24. Be3 Qxe5 25. Qxa8 Qxd6 0-1